000 00600nam a22001577a 4500
008 160928b xxu||||| |||| 00| 0 eng d
050 _aDT433.577.E45 2005
100 _aElkins, Caroline
_926317
245 _aBritain's Gulag
_bThe brutal end of Empire in Kenya
_cCaroline Elkins
260 _aLondon
_bJonathan Cape
_c2005
300 _axiv, 475p. ;
_c23cm.
650 _aKikuyu (African people)
_xHistory
_y20th century
_926318
650 _aPrisons
_xHistory
_y20th century
_zKenya
_926319
650 _aKenya
_xHistory
_xMau Mau Emergency
_xPrisoners and prisons, Britain
_926320
942 _2lcc
_cMONOGRAPH
999 _c125389
_d125389